March Madness 2017 Teams - Statistics

General Stats
  • This quiz has been taken 418 times
  • The average score is 33 of 64
Answer Stats
Seed Team % Correct
2 Duke
94%
1 North Carolina
91%
2 Kentucky
88%
1 Kansas
86%
7 Michigan
85%
1 Villanova
85%
1 Gonzaga
84%
9 Michigan State
81%
4 Florida
79%
3 UCLA
78%
5 Virginia
78%
3 Oregon
74%
2 Arizona
72%
8 Wisconsin
72%
3 Florida State
70%
11 USC/Providence
70%
7 South Carolina
68%
3 Baylor
64%
11 Kansas State/Wake Forest
61%
10 Oklahoma State
60%
8 Miami (FL)
59%
2 Louisville
58%
4 West Virginia
58%
4 Purdue
57%
11 Xavier
57%
5 Iowa State
55%
5 Notre Dame
55%
9 Virginia Tech
55%
8 Arkansas
54%
5 Minnesota
53%
4 Butler
51%
6 Maryland
51%
6 Creighton
45%
10 Marquette
45%
11 Rhode Island
45%
10 Wichita State
45%
8 Northwestern
44%
12 Princeton
44%
9 Seton Hall
42%
6 Cincinnati
41%
12 Nevada
41%
7 St. Mary's
40%
9 Vanderbilt
39%
14 New Mexico State
38%
6 SMU
38%
7 Dayton
36%
16 Texas Southern
36%
10 VCU
36%
15 North Dakota
35%
16 South Dakota State
35%
13 Vermont
35%
14 Florida Gulf Coast
32%
14 Iona
32%
14 Kent State
29%
12 UNC Wilmington
28%
12 Middle Tennessee State
27%
16 Mount St. Mary's/New Orleans
25%
16 UC Davis/NC Central
25%
13 East Tennessee State
24%
15 Troy
24%
13 Bucknell
22%
15 Jacksonville State
21%
15 Northern Kentucky
21%
13 Winthrop
21%
No matching quizzes found
Score Distribution
Percent of People with Each Score
Percentile by Number Answered
Your Score History
You have not taken this quiz